Bratislavské hotely

Analýza hotelového trhu v Bratislave. Štruktúra hotelov podľa tried v rokoch 2001-2011. Počet hotelov a lôžok v rokoch 2001-2011. Porovnanie Bratislavy s hlavnými mestami susedných štátov za rok 2011. Analýza dopytu po hotelových službách.

Na minha lista:
Detalhes bibliográficos
Autor principal: Malachovský, Andrej
Formato: Capítulo de Livro
Idioma:eslovaco
Assuntos:
Tags: Adicionar Tag
Sem tags, seja o primeiro a adicionar uma tag!

MARC

LEADER 00000naa a2200000 4500
001 0180002
005 20231011125848.6
041 0 |a slo 
044 |a SK 
245 1 0 |a Bratislavské hotely  |c Andrej Malachovský 
520 |a Analýza hotelového trhu v Bratislave. Štruktúra hotelov podľa tried v rokoch 2001-2011. Počet hotelov a lôžok v rokoch 2001-2011. Porovnanie Bratislavy s hlavnými mestami susedných štátov za rok 2011. Analýza dopytu po hotelových službách. 
610 2 0 |a hotely 
610 2 0 |a hotelierstvo 
610 2 0 |a ubytovanie 
610 2 0 |a služby 
610 2 0 |a kvalita 
610 2 0 |a analýzy 
610 2 0 |a mestá 
100 1 |a Malachovský, Andrej